000 02187nam0a2200397 4500
001 rc\1803859
005 20260405222854.0
035 _a(NLR Aleph) 010169715
090 _a10128110
_c10128110
100 _a20071224e19061906|||y0rusy50 ca
101 0 _arus
102 _aRU
105 _ay z |||z|
135 _acrcn 024aaaba
200 1 _aПоездка на Новую Землю
_e(дорож. впечатления)
_f[М. Ивановский]
210 _aВильна
_cтипография А.Г. Сыркина
_d[1906]
215 _a26 с.
_d23
300 _aАвт. указан в конце текста
309 _aБез тит. л. и обл.
311 _a"Отт. из № 7-8 "Циркуляра по Вилен. учеб. окр." за 1906 г."
325 _aКопия доступна в Электрон. б-ке РНБ http://vivaldi.nlr.ru/bx000022325/view
488 0 _12001#$aЦиркуляр по Виленскому учебному округу$v1906, № 7-8
_171002$3RU\NLR\AUTH\8810018448$aВиленский учебный округ
_tЦиркуляр по Виленскому учебному округу
_aВиленский учебный округ
607 _aНовая Земля, острова (Северный Ледовитый океан)
_xОписание и путешествия русские
_z20 в.
_92618464
_3RU\NLR\AUTH\661555024
617 _mСеверный Ледовитый океан
_mНовая Земля, острова
686 _aД890(2Р31-4Арх-6Н,99НоЗ)022
700 1 _8rus
_7ca
_aИвановский
_bМ. М.
_gМихаил Михайлович
_3RU\NLR\AUTH\77101093
_984019
801 0 _aRU
_bNLR
_gpsbo
801 0 _aRU
_bRuMoRGB
_2psbo
801 1 _aRU
_bProSoft-M
_2rusmarc
801 2 _aRU
_bNLR
_c20110627
_2rusmarc
852 _aNLR
_j40.21.7.126
942 _cBOOK
980 _aNB
981 2 2 _a(22) Материалы по истории России
_b(22) Территория
981 2 2 _a(22) Материалы по истории России
_b(22) История России до 25 октября (7 ноября) 1917 года